Tell me about numbers
| Format: | Book |
|---|---|
| Published: |
Manchester :
World international publishing ltd. ,
1992
|
MARC
| LEADER | 00000cam a2200000 7i4500 | ||
|---|---|---|---|
| 001 | 0000080656 | ||
| 005 | 20180904.0 | ||
| 008 | 180904 | ||
| 020 | |a 074980694X | ||
| 090 | 0 | 0 | |a EL |b ENG |
| 245 | 0 | 0 | |a Tell me about numbers |
| 260 | |a Manchester : |b World international publishing ltd. , |c 1992 | ||
| 999 | |a 0000394145 |b Book |c Children Collection |e Cawangan Pontian | ||